<?xml version="1.0" encoding="UTF-8"?>
<record
    xmlns:xsi="http://www.w3.org/2001/XMLSchema-instance"
    xsi:schemaLocation="http://www.loc.gov/MARC21/slim http://www.loc.gov/standards/marcxml/schema/MARC21slim.xsd"
    xmlns="http://www.loc.gov/MARC21/slim">

  <leader>01129nam a2200229 a 4500</leader>
  <controlfield tag="001">76480</controlfield>
  <controlfield tag="003">BD-RjUL</controlfield>
  <controlfield tag="005">20211209082841.0</controlfield>
  <controlfield tag="008">191210s2017    bg       b    00000 ben d</controlfield>
  <datafield tag="020" ind1=" " ind2=" ">
    <subfield code="a">9789843427847</subfield>
  </datafield>
  <datafield tag="035" ind1=" " ind2=" ">
    <subfield code="a">(BD-RjUL)76702</subfield>
  </datafield>
  <datafield tag="040" ind1=" " ind2=" ">
    <subfield code="a">BD-RjUL</subfield>
    <subfield code="b">ben</subfield>
    <subfield code="c">BD-RjUL</subfield>
    <subfield code="d">BD-RjUL</subfield>
    <subfield code="e">BD-RjUL</subfield>
  </datafield>
  <datafield tag="041" ind1=" " ind2=" ">
    <subfield code="a">ben</subfield>
  </datafield>
  <datafield tag="082" ind1="0" ind2="4">
    <subfield code="a">297.1226 </subfield>
    <subfield code="b">ALW 2017</subfield>
  </datafield>
  <datafield tag="100" ind1="1" ind2="0">
    <subfield code="a">&#x986;&#x9B2;&#x9C0;, &#x9AE;&#x9CB;&#x9B9;&#x9BE;&#x9AE;&#x9CD;&#x9AE;&#x9A6; &#x9B0;&#x993;&#x9B6;&#x9A8;</subfield>
    <subfield code="9">116670</subfield>
  </datafield>
  <datafield tag="245" ind1="1" ind2="0">
    <subfield code="a">&#x9AA;&#x9AC;&#x9BF;&#x9A4;&#x9CD;&#x9B0; &#x995;&#x9CB;&#x9B0;&#x986;&#x9A8;&#x9C7;&#x9B0; &#x989;&#x9AA;&#x9B0; &#x997;&#x9AC;&#x9C7;&#x9B7;&#x9A3;&#x9BE;&#x9AE;&#x9C2;&#x9B2;&#x995; &#x9AA;&#x9BE;&#x9A0; &#x995;&#x9C7;&#x9A8; &#x995;&#x9B0;&#x9B2;&#x9BE;&#x9AE; &#x993; &#x995;&#x9BF; &#x9AA;&#x9C7;&#x9B2;&#x9BE;&#x9AE;? </subfield>
    <subfield code="b">= (Why did I do Research Study on the Holy Quran and what did I get?) /</subfield>
    <subfield code="c">&#x985;&#x9A7;&#x9CD;&#x9AF;&#x9BE;&#x9AA;&#x995; &#x9A1;. &#x9AE;&#x9CB;&#x9B9;&#x9BE;&#x9AE;&#x9CD;&#x9AE;&#x9A6; &#x9B0;&#x993;&#x9B6;&#x9A8; &#x986;&#x9B2;&#x9C0;</subfield>
  </datafield>
  <datafield tag="260" ind1=" " ind2=" ">
    <subfield code="a">&#x9A2;&#x9BE;&#x995;&#x9BE; :</subfield>
    <subfield code="b">&#x9B0;&#x993;&#x9B6;&#x9A8; &#x986;&#x9B2;&#x9C0; &#x993; &#x99C;&#x9CB;&#x9B9;&#x9B0;&#x9BE; &#x986;&#x9B2;&#x9C0; &#x993;&#x9AF;&#x9BC;&#x9C7;&#x9B2;&#x9AB;&#x9C7;&#x9AF;&#x9BC;&#x9BE;&#x9B0; &#x99F;&#x9CD;&#x9B0;&#x9BE;&#x9B8;&#x9CD;&#x99F;,</subfield>
    <subfield code="c">&#x9E8;&#x9E6;&#x9E7;&#x9ED;</subfield>
  </datafield>
  <datafield tag="300" ind1="0" ind2="0">
    <subfield code="a">xi,  &#x9ED;&#x9EA; &#x9AA;&#x9C3;. ;</subfield>
    <subfield code="c">&#x9E8;&#x9E8; &#x9B8;&#x9C7;&#x9AE;&#x9BF;.</subfield>
  </datafield>
  <datafield tag="650" ind1=" " ind2=" ">
    <subfield code="a">&#x995;&#x9CB;&#x9B0;&#x9BE;&#x9A8;</subfield>
    <subfield code="x">&#x9AC;&#x9CD;&#x9AF;&#x9BE;&#x996;&#x9CD;&#x9AF;&#x9BE; &#x993; &#x986;&#x9B2;&#x9CB;&#x99A;&#x9A8;&#x9BE;</subfield>
    <subfield code="9">116673</subfield>
  </datafield>
  <datafield tag="650" ind1=" " ind2=" ">
    <subfield code="a"> Qur&#x2BC;an  </subfield>
    <subfield code="x">Criticism, interpretation, etc</subfield>
    <subfield code="9">116672</subfield>
  </datafield>
  <datafield tag="942" ind1=" " ind2=" ">
    <subfield code="2">ddc</subfield>
    <subfield code="c">BK</subfield>
  </datafield>
  <datafield tag="999" ind1=" " ind2=" ">
    <subfield code="c">76480</subfield>
    <subfield code="d">76480</subfield>
  </datafield>
  <datafield tag="952" ind1=" " ind2=" ">
    <subfield code="0">0</subfield>
    <subfield code="1">0</subfield>
    <subfield code="2">ddc</subfield>
    <subfield code="4">0</subfield>
    <subfield code="7">1</subfield>
    <subfield code="8">NFIC</subfield>
    <subfield code="a">RUCL</subfield>
    <subfield code="b">RUCL</subfield>
    <subfield code="c">Reading</subfield>
    <subfield code="d">2019-10-24</subfield>
    <subfield code="e">Author (Gift)</subfield>
    <subfield code="g">200.00</subfield>
    <subfield code="l">0</subfield>
    <subfield code="o">B 297.1226  ALW 2017</subfield>
    <subfield code="r">2019-12-10 00:00:00</subfield>
    <subfield code="t">C-1</subfield>
    <subfield code="w">2019-12-10</subfield>
    <subfield code="y">BK</subfield>
  </datafield>
</record>
